Campeones de la Primera División - ¡Muerte súbita! - Estadísticas

Estadísticas generales
  • Esta prueba ha sido intentada 5.885 veces
    1.955 desde el último reinicio
  • La puntuación promedio es 6 de 9
Answers on the Grid
Answers color-coded by a green-red scale on the quiz's grid according to % correct below.
Athletic Club
Atlético de Madrid
C. D. Leganés
Deportivo Alavés
Elche C. F.
F. C. Barcelona
Getafe C. F.
Girona F. C.
Granada C. F.
Levante U. D.
Málaga C. F.
R. C. Celta de Vigo
R. C. D. Espanyol
R. C. D. Mallorca
R. C. Deportivo
Racing de Santander
Rayo Vallecano
Real Betis
Real Madrid C. F.
Cultural D. Leonesa
Real Sociedad
Real Valladolid C. F.
Real Zaragoza
S. D. Huesca
Sevilla F. C.
Sporting de Gijón
U. D. Almería
U. D. Las Palmas
Valencia C. F.
Villarreal C. F.
 
Estadísticas de respuestas
Respuesta % Correcto
F. C. Barcelona
88%
Atlético de Madrid
85%
Real Madrid C. F.
84%
Athletic Club
76%
Valencia C. F.
74%
Sevilla F. C.
69%
R. C. Deportivo
57%
Real Betis
55%
Real Sociedad
53%
No se encontraron pruebas coincidentes
Distribución de puntuación
Porcentaje de gente con cada puntuación
Porcentaje por número respondido
Historial de tus puntuaciones
No has intentado esta prueba desde el último reinicio